000 00416nam a2200157Ia 4500
003 GCL
008 140319s9999 xx 000 0 ara d
040 _aGCL /
_cGCL
082 0 4 _aد
_b050
100 1 _aمحمد امين حسونة
245 1 0 _aبيرانديللو (اقرا 79 ) /
_cمحمد امين حسونة
300 _a137
490 _aاقرأ
_v0
650 0 4 _aبيراند يللو
942 _2ddc
_cBK
999 _c48786
_d48786